[Event "Santa Monica"]
[Site "Santa Monica"]
[Date "2004.05.11"]
[Round "1"]
[White "Mikhalevski, Victor"]
[Black "Kraai, Jesse"]
[Result "1-0"]
[WhiteElo "2550"]
[BlackElo "2446"]
[Annotator "Mikhalevski,V"]
[PlyCount "87"]
[EventDate "2004.05.11"]
[EventType "tourn"]
[EventRounds "9"]
[EventCountry "USA"]
[EventCategory "9"]
[SourceTitle "CBM 102"]
[Source "ChessBase"]
[SourceDate "2004.09.23"]
[SourceVersion "1"]
[SourceVersionDate "2004.09.23"]
[SourceQuality "1"]

1. d4 e6 2. c4 b6 3. e4 Bb7 4. Qc2 {A relatively rare variation. White avoids
the main lines and at the same time supports the centre trying to keep his
light-squared bishop. Now also the g2-pawn is protected. Compare with 4.Bd3} ({
In the main line} 4. Bd3 {White has to consider} {both} f5 {[%csl Rg2]} ({and} 
4... Nc6 5. Nf3 Nb4 {[%csl Re4][%cal Gb4d3]})) 4... Qh4 5. Nd2 Bb4 6. Bd3 Qg4
$1 ({In November 2003 Jessy played} 6... Bxd2+ 7. Bxd2 f5 {which I met with} 8.
d5 {and after} fxe4 9. Bxe4 exd5 10. Bxd5 Bxd5 11. cxd5 Nf6 12. Nf3 Qe4+ 13.
Qxe4+ Nxe4 {0-1 Mikhalevski,V-Kraai,J/Burbank USA 2003/The Week in Chess 473 
(57). (57) Black equalized.}) 7. Kf1 Qg6 $6 {A very strange decision. Black
wastes important time in the opening and also places the queen on the diagonal
of the white light-square bishop.} ({In all previous games} 7... f5 {was
played. Here are a few examples I managed to find:} 8. f3 ({Also two other
options were tested.} 8. Ngf3 Bxd2 9. Ne5 Qh4 10. Nf3 Qh5 11. Bxd2 Nf6 12. exf5
Bxf3 13. gxf3 Nc6 14. Bc3 O-O-O 15. Re1 Rhe8 16. Re2 Qh3+ 17. Ke1 Qxf3 {
0-1 Quinn,M-Speelman,J/Dublin 1993/CBM 34 ext (31) Black obtained an advantage
and eventually won.}) (8. h3 {This way White leaves the f3-square for his
knights. Compare to 8.f3.} Qg6 9. Ngf3 Bxd2 10. Ne5 Qf6 11. Bxd2 Ne7 12. Nf3 h6
13. Re1 O-O 14. d5 Na6 (14... e5 $2 15. exf5 d6 16. g4 $16 {1-0 Zaremba,
A-Grayland,S/IECC 2001/Telechess CBM 89 (24). (23)}) 15. Bc3 Qf7 16. Ne5 Qe8
17. exf5 $5 {with better chances for White.} (17. b4 {1/2-1/2 Parker,J-Sher,M/
Copenhagen 1996/CBM 55 (45)})) 8... Qh4 9. exf5 Qxd4 10. Ne2 Qh4 11. fxe6 Nf6
12. Ng3 O-O 13. Nde4 Bxe4 14. Bxe4 Nc6 15. exd7 Nh5 16. Bd5+ {1/2-1/2 Levitt,
J-Ehlvest,J/New York 1994/EXT 97 (16). and in this complicated position a draw
was agreed.}) 8. Ndf3 $1 {A multi-purpose move. White prevents f5 by closing
the b7-g2-diagonal, takes his knight away from a possible exchnage of the
b4-bishop and thus creates a threat of c5 and also the black queen starts to
feel uncomfortable.} f6 {Black prepares retreat of the queen to f7 and covers
the f6-square, however his dark-squared bishop will be in trouble.} 9. c5 $1 {
Closing the way back. Now a3 followed by b4 is threatening.} Ba5 $1 {A
fantastic defense.} ({If Black starts with} 9... bxc5 $2 {and only after} 10.
dxc5 {plays} Ba5 ({Also other defenses fail.} 10... c6 11. Qb3 $1 Ba6 (11...
Na6 12. Bd2 $1 (12. Ne2 $5) (12. a3 $5)) 12. Bxa6 Nxa6 13. Qc4) (10... Na6 11.
Be3 $1 {with Qa4 to follow.} (11. Qa4 $5 Bxc5 12. Bxa6)) (10... d6 11. Qa4+ Nc6
12. Bb5 Qxe4 13. Nd2 $18 {In all cases White wins.}) {then} 11. b4 $1 Bxb4 12.
Rb1 Nc6 13. a3 {and White wins a piece.}) 10. Qa4 $2 {A serious positional
mistake. I wanted to win a piece and have completely forgotten about the
position. This piece will cost me all my advantage.} (10. Ne2 $5) (10. a3 $5
bxc5 11. dxc5 c6 12. Ne2) 10... Bxe4 $1 {Black sacrifices a piece and obtains
a serious initiative and three pawns.} (10... Bc6 $2 {doesn't save a piece and
so only helps White.} 11. Qa3 Bxe4 12. Bxe4 Qxe4 13. b4 $16) 11. Bxe4 Qxe4 12.
b4 {The bishop on a5 is traped, but all central pawns fall down like autumn
leaves.} Nc6 $1 {This is the move I missed.} (12... Qd3+ 13. Ne2 Qc4 14. Bd2)
13. bxa5 bxc5 {Now also the d4-pawn is pinned and attacked.} 14. Ne2 ({Fritz 8
recommends} 14. Qc4 $5 cxd4 15. Bb2 {with the idea to meet e5 with} e5 16. Re1
Qg4 17. Bxd4 Nxd4 18. Qxd4 Qxd4 19. Nxd4) 14... e5 $1 ({In case of preliminary
} 14... cxd4 15. Nfxd4 e5 {I would have} 16. Qc2) 15. Ba3 {I've decided to
finish development creating on the way some threats to the d4-pawn.} ({I could
force a draw by repeating the moves with} 15. Nd2 Qh4 16. Nf3 (16. Rb1 $5 cxd4
17. Rb7 $13) 16... Qe4 17. Nd2) 15... cxd4 16. Re1 {Creating a threat of Nexd4.
} Qd3 $1 {Pinning the e2-knight black prevents the threat.} (16... Rb8 $2 17.
Qd1 $1) 17. Kg1 {Unpinning the e2-knight and renewing the threat.} Kd8 ({
In case of} 17... Nge7 $5 {I would prevent castling by means of} 18. Bxe7 $1
Nxe7 19. Qb4 $1) (17... Kf7 $5) 18. h4 $1 {My only counterplay. I need to
bring into play the h1-rook.} (18. Nc1 $5 {[%cal Gc1b3]}) 18... Rb8 19. Rh3 Qb5
$1 {After 10...Bxe2 and up to this moment both sides played the best way, but
now comes another serious positional mistake which can be hatdly explained.
Moreover I saw the right move, but for some reason preffered} 20. Qxb5 $2 {
I was already in a serious time-trouble and was attracted by 21. Bf8.} ({
It was necessary to keep the queens to maintain the attack. On the other hand
with the move in text White creates a positional threat of Nexd4 with a severe
pressure.} 20. Qd1 $1 {[%cal Ge2d4]} Qd5 21. Bf8 Qf7 22. Bc5 $36 {[%cal Ge2d4]}
) 20... Rxb5 $15 21. Bf8 h6 (21... h5 $5 {was a possible alternative.}) 22. h5
{My idea is to exploit the weakness of the g6-square.} ({At the same time} 22.
Bxg7 Rh7 23. Rg3 Nce7 {is in Black's favour.}) 22... Rh7 23. Rg3 Rxa5 (23...
Ke8 {deserved a serious attention with the idea} 24. Bxg7 $2 Kf7 {traping the
bishop.}) 24. a3 Ke8 25. Bb4 {Now I got the b4-square for the bishop.} Rd5 {
Black keeps the central d4-pawn which looks logical.} (25... Nxb4 26. axb4 Rb5
27. Nexd4 Rxb4 28. Nf5 {is playable for White.}) 26. Nh4 a5 27. Bd2 Rb5 $1 {
Now also the b-file is in Black's hands.} 28. f4 $1 {An attempt to create some
counterplay.} (28. Rd3 Nge7 29. Ng3 {is Fritz's suggestion.}) 28... Nge7 (28...
Rb2 $5) 29. fxe5 fxe5 30. Ng6 {An important moment. The rook on h7 is
misplaced. If Black wants to bring it back into play he has to exchange the
g6-knight which allows the white pawn to g6.} Nxg6 31. hxg6 Rh8 32. Rd3 $5 {
White creates a one-move threat and regroups the pieces.} (32. Rf3 $1 {looked
strong.} Rf8 33. Rxf8+ Kxf8 34. Rf1+ Ke8 ({In case of natural} 34... Kg8 {
White creates a very dangerous initiative.} 35. Rf7 $3 Rb2 36. Ng3 $1 Rxd2 37.
Nf5 {and White wins.}) 35. Bxh6 Ne7 $1 36. Bxg7 Nxg6 {and Black's still on top
thanks to a strong pawn chain in the centre.}) 32... Rf8 $2 {I couldn't
believe my eyes when I saw this move on the board. Black has decided to set a
trap, but after my reply he understood that it doesn't work.} (32... Kd8 33.
Ng3) 33. Nxd4 $1 Nxd4 ({Black was staking on} 33... Rd5 34. Nxc6 $1 Rxd3 {
, but missed} 35. Rxe5# $1 ({Frankly speaking I intended to play} 35. Nxe5 {
which is also strong, but of course can't compare to the mate in one.})) 34.
Rxd4 Rf6 {At this moment Black realized that he's not better anymore and
offered a draw which for his surprise I've declined despite much less than a
minute left on my clocks.} (34... d6 $142) 35. Rc4 Rxg6 $2 {The c-pawn had to
be protected.} (35... c6) (35... Kd8 36. Rg4) 36. Rxc7 $16 {Eventually White
got very good chances to win the game.} d6 37. Bc3 Rd5 $2 {Jessy loses the
thread.} 38. Rb1 {Now also the b-file is in White's hands.} Kd8 39. Ra7 (39.
Rf7 $5) 39... Kc8 40. Bxa5 Rc5 {Now I finally had some time to think of the
position and came with} 41. Rb2 $1 {First of all I have to prevent counterplay.
} d5 42. Bb4 $1 Rc1+ 43. Kh2 $18 {White's threatening Rf2 and so Black decided
to trade the rooks. However he failed to do so as a mutual agreement is
required:).} Rc7 {loses a pawn, but it's not easy to give a better advice.} 44.
Ra5 $1 {White keeps the rooks and wins a pawn.} ({For example} 44. Ra5 Rd7 45.
Rc2+ (45. Bf8 $5 {[%cal Ga5c5]}) (45. Rd2 $5) 45... Kb7 46. Rcc5) 1-0

[Event "Heviz Palace"]
[Site "Heviz"]
[Date "2008.03.19"]
[Round "2"]
[White "Mikhalevski, Victor"]
[Black "Vallejo Pons, Francisco"]
[Result "1-0"]
[WhiteElo "2632"]
[BlackElo "2675"]
[Annotator "Mikhalevski,V"]
[PlyCount "75"]
[EventDate "2008.03.18"]
[EventType "tourn"]
[EventRounds "10"]
[EventCountry "HUN"]
[EventCategory "16"]
[SourceTitle "CBM 123"]
[Source "ChessBase"]
[SourceDate "2008.04.02"]
[SourceVersion "1"]
[SourceVersionDate "2008.04.02"]
[SourceQuality "1"]

1. d4 e6 2. c4 b6 3. a3 c5 {A very rare continuation. Black transposes to the
Benoni positions with the inclusion of b6 and a3.} (3... f5 {1-0 Postny,E 
(2598)-Del Rio Angelis,S (2504)/Andorra 2007/CBM 119 ext/[Postny] (28)}) (3...
Bb7 {1/2-1/2 Atalik,S (2541)-Mamedyarov,S (2660)/Mallorca 2004/CBM 104/[Atalik]
(59). is the main line.}) 4. d5 exd5 5. cxd5 g6 {No more than three games have
reached this position.} 6. Nc3 (6. e4 Bg7 7. Bd3 Ne7 (7... Nf6 $5 8. e5 Nxd5 9.
Be4 Nc7 10. Bxa8 Nxa8 $44) 8. h4 h6 9. Nc3 O-O 10. Bf4 Ba6 11. Bc2 Re8 12. Qd2
h5 13. Nf3 $16 {1-0 Huzman,A (2580)-Luther,T (2550)/Ljubljana 1995/CBM 051 (31)
}) 6... d6 7. Nf3 ({In a preceding game White played} 7. Bf4 Nf6 8. h3 Bg7 9.
e3 O-O 10. Be2 Na6 $14 {1/2-1/2 Kertesz,A (2350)-Teske,H (2480)/Germany 1993/
GER-chT2 (67)}) 7... Nf6 {Here I had to choose a Benoni line in which the
inclusion of moves b6 and a3 will be in White's favour and I think I made a
good choice.} 8. Bg5 $1 Bg7 9. Nd2 {I decided to start with this move as it
looked to me more flexible as the e-pawn can go to both e3 and e4.} h6 10. Bh4
O-O ({After} 10... g5 11. Bg3 Nh5 12. Qa4+ $1 Qd7 13. Qe4+ $14 {White forces
the king to move since} Qe7 $2 {loses a pawn to} 14. Bxd6 $16) 11. e4 Ba6 (
11... a6 {was worth a try.}) 12. Bxa6 $1 {Inviting the knight to an
unfortunate square a6.} Nxa6 13. O-O Qd7 $1 14. a4 $5 {Although White gives up
the b4-square he gets in exchange the c4-square and prevents b5.} (14. Qf3 Ne8
{[%cal Gb6b5]} ({In the event of} 14... Ng4 $6 15. h3 {The knight starts to
feel uncomfortable.} Ne5 16. Qe2 c4 (16... g5 17. Bxg5 (17. f4 $5 Ng6 18. Bg3
gxf4 19. Bxf4 Nxf4 20. Rxf4 $16) 17... hxg5 18. Qxa6 g4 19. Qb5 $14) 17. f4 Nd3
18. Nxc4 $16) 15. Qd3 Nac7 $14) 14... Ng4 {[%cal Gg4e5] Black transfers the
knight to e5 in order to exchange the newcomer on c4.} 15. Nc4 Ne5 16. Nxe5
Bxe5 17. Qd2 {Now we can sense that the knight on a6 has no future.} Bg7 (17...
Kh7 18. f4 Bg7 (18... Bd4+ 19. Bf2 $14) 19. f5 Bd4+ (19... Be5 20. Rf3 $36) 20.
Bf2 Be5 21. Be3 $36 {[%cal Gf1f3,Ga1f1] is also in White's favour.}) 18. f4 $5
{[%cal Gf4f5] This way I'm forcing the weakening of Black's position since
allowing f5 should be in White's favour.} f5 19. e5 $1 dxe5 20. fxe5 g5 $6 {
Too optimistic.} (20... Bxe5 $1 {was necessary and after} 21. Qxh6 Qg7 22.
Qxg7+ Kxg7 23. Rad1 $14 {White is just slightly better.}) 21. e6 Qe7 22. Rfe1
$1 {This is almost a forced piece sacrifice.} ({In case of} 22. Bf2 $6 Rad8 {
my central pawns could become targets.}) 22... Rad8 (22... gxh4 $6 23. d6 Rfd8
24. Rad1 $16 {[%csl Gd6,Ge6] is obviously in White's favour.}) 23. Nb5 $1 {
[%cal Gd5d6] Preparing d6.} (23. Rad1 {leads to an equal rook endgame.} Rd6 24.
Nb5 gxh4 25. Qf4 Rfd8 26. Nxd6 Rxd6 27. Qxf5 Nc7 28. Rf1 Bd4+ 29. Rxd4 cxd4 30.
Qg6+ Qg7 31. Qxg7+ Kxg7 32. Rf7+ Kg6 33. Rxc7 d3 34. Kf2 Rxd5 35. Rd7 Re5 36.
Rxd3 Rxe6 $11) 23... gxh4 $6 {Black underestimates the danger.} (23... Bd4+ {
was necessary.} 24. Bf2 (24. Nxd4 $2 cxd4 $15) 24... Rxd5 25. a5 $1 Nc7 (25...
Rb8 $5) 26. Nxd4 cxd4 27. axb6 axb6 28. Ra7 $14) 24. d6 Rfe8 25. a5 $1 {
[%csl Ra6] Suddenly the queen's rook enters the game.} (25. Rad1 $5 {was also
interesting.} Qf6 (25... Qg5 26. Qd5 $1 {[%cal Ge6e7]} f4 (26... Kh7 27. e7 Rb8
28. Qe6 Bf6 29. Re2 $16 {[%cal Gd1f1]}) 27. Qb3 $1 (27. e7+ Qxd5 28. exd8=Q
Bd4+ $1 29. Rxd4 Qxd4+ 30. Nxd4 Rxd8 31. Nf5 Kf7 $11) 27... Bd4+ $1 28. Kh1 Kh8
29. e7 Rg8 30. Qf3 Rde8 31. Nxd4 cxd4 32. Rxd4 $16) 26. Qe2 Qg6 27. d7 Re7 28.
Nxa7 {[%cal Ga7c6]} Nc7 29. Nc6 Rxe6 30. Qc4 Qf7 $1 31. Rxe6 Qxe6 32. Qxe6+
Nxe6 33. Nxd8 Nxd8 34. Rd6 Bxb2 35. Rxb6 $16) 25... Nb4 (25... Nc7 {is
strongly met by} 26. Qf4 $1 Nxe6 27. dxe7 Nxf4 28. exd8=Q Rxd8 29. a6 $1 {
White's a-pawn becomes a serious asset.} Rd2 30. Nxa7 Bd4+ (30... Bxb2 31. Nc6
Bxa1 32. Rxa1 Nd5 33. a7 Nc7 34. Re1 $1 Kf8 35. Re7 Na8 36. Rb7 Ke8 37. Rb8+
Kd7 38. Rxa8 Ra2 39. Rd8+ Kxc6 40. a8=Q+ $18) 31. Kh1 Nd3 32. h3 $1 Nxe1 33.
Nc6 Rxg2 34. Rxe1 Rxb2 35. Ra1 $1 Re2 36. a7 $18) 26. axb6 a6 $1 (26... axb6
27. Ra7 Qg5 28. Qxg5 hxg5 29. e7 Nc6 30. exd8=Q Rxd8 31. Rb7 $18) 27. Qxb4 $4
$138 {A serious mistake in time trouble.} (27. Re2 $1 {[%cal Ge2d2] Protecting
the queen retained a clear advantage.} axb5 (27... Rxd6 28. Qxd6 axb5 29. Qd7
$1 Bf8 30. b7 {[%cal Ga1a8]} Rb8 31. Qxe7 Bxe7 32. Ra8 Nc6 33. Rf2 Kf8 34.
Rxf5+ Ke8 35. Rd5 $18) 28. dxe7 Rxd2 29. Rxd2 Bd4+ (29... Rxe7 30. Ra8+ Kh7 31.
Rd7 $18) 30. Kf1 Rxe7 (30... Kg7 31. b7 Nc6 32. Ra8 Nb8 33. b4 $1 Kf6 34. bxc5
Be5 35. Rd8 Kxe7 36. Rc8 $18 {[%cal Gc5c6,Gc6c7]}) 31. Ra7 Kf8 (31... Rxe6 32.
b7 Nc6 33. Ra6 Re7 34. Rxc6 Rxb7 35. b4 $1 $16) 32. b7 Nc6 33. Ra8+ Kg7 34. Rc8
Rxb7 35. Rxc6 $16) 27... cxb4 $2 $138 {Black returns the favour.} ({After the
correct} 27... Rxd6 $1 28. Nxd6 cxb4 29. Nxe8 Bd4+ $1 (29... Qxe8 30. b7 Bd4+
31. Kh1 h3 $1 32. Rac1 $1 hxg2+ 33. Kxg2 Bc3 $13) 30. Kh1 h3 $1 {[%csl Rh1]}
31. Nc7 (31. Re2 Qxe8 32. b7 Qb5 $1 33. b8=Q+ (33. Rae1 Kf8 $1 $19) 33... Qxb8
34. e7 hxg2+ 35. Kxg2 Qa8+ 36. Kg3 Qe8 37. Rxa6 Kh7 $19) 31... hxg2+ 32. Kxg2
Qg5+ 33. Kh1 Qf4 $1 34. Re2 (34. Rg1+ Bxg1 35. Kxg1 Qe3+ 36. Kf1 Kf8 37. Re1
Qf3+ 38. Kg1 Ke7 $19) 34... Qf3+ 35. Rg2+ Kf8 36. Nxa6 b3 37. Nb8 Ke8 38. Nd7
h5 $19 {White is in trouble.}) 28. dxe7 Rxe7 29. Rxa6 (29. Na7 $5 {is more
precise.} Rb7 (29... Ree8 30. Rxa6 Bd4+ 31. Kf1 Rb8 32. e7 Rxb6 33. Rxb6 Bxb6
34. Nb5 Bc5 35. Re5 Bxe7 36. Nc7 $18 {[%csl Re7]}) 30. Rxa6 Bd4+ 31. Kf1 Bxb6 (
31... Rxb6 32. Rxb6 Bxb6 33. e7 Re8 34. Nb5 Bc5 35. Re5 Bxe7 36. Nc7 $18 {
[%csl Re7]}) 32. Nc6 Re8 33. Rd1 $1 {[%cal Gd1d7]} Rxe6 34. Nd8 $1 {[%csl Rb7,
Re6]} Bxd8 35. Rxe6 $18) 29... Bxb2 30. Ra7 $6 ({The immediate} 30. Na7 $1 {
[%cal Ga7c6] was very strong.} Rde8 (30... Rb7 31. Nc6 Re8 {See 30...Rde8.})
31. Nc6 Rb7 32. Rb1 Bc3 33. Kf1 $1 Kf8 (33... Rxe6 34. Ra8+ $1 Kg7 35. Ra7 $1
Rxc6 36. Rxb7+ Kf6 37. Rc7 $1 Rxb6 38. Rxc3 $18) 34. e7+ Kg7 35. Ke2 Bf6 36.
Kd3 Bxe7 37. Ra7 $1 Rxa7 38. bxa7 Bc5 39. Ra1 $1 Ra8 40. Kc4 Be3 41. Kxb4 $16)
30... Bf6 31. Kf1 $1 b3 $2 {As usual, time trouble seriously affects the play
of both players.} (31... Rb8 $1 {was necessary and after} 32. Nc7 Rxb6 33. Ra8+
Kg7 34. Nd5 Rexe6 35. Ra7+ $1 Kf8 36. Nxb6 Rxb6 37. Rc1 Bc3 38. Rd1 Ke8 39.
Rdd7 $14 {I'm not sure White can win this position.}) 32. Rxe7 Bxe7 33. Na7 $1
$16 {Finally.} Bc5 $2 {A decisive mistake.} (33... Rd4 {was a better defence,
although I believe White should be able to win anyway.} 34. Rb1 $1 (34. Nc6 $2
{leads to a draw.} Rf4+ 35. Ke2 (35. Kg1 $2 Bc5+ 36. Kh1 Re4 37. Rxe4 fxe4 38.
b7 Bd6) 35... Re4+ 36. Kf3 Rxe1 37. Nxe7+ Kg7 38. b7 b2 39. b8=Q b1=Q 40. Qg8+
(40. Qxb1 Rxb1 41. Nxf5+ $11) 40... Kf6 41. Qf7+ Ke5 42. Ng6+ Kd6 43. Qd7+ Kc5
44. Qc7+ Kb5 45. Qb7+ Kc5 $11) 34... Rf4+ 35. Ke2 Re4+ 36. Kf3 Bd6 (36... Rxe6
37. Nc8 $1 Bf6 38. Rxb3 Be5 39. Re3 f4 40. Re4 Kf7 41. Na7 $1 Bd6 (41... Bb8
42. Rxe6 Kxe6 43. Nc6 $18) 42. b7 $18) 37. Rxb3 Bxh2 38. b7 Rxe6 39. b8=Q+ Bxb8
40. Rxb8+ $16) (33... Bd6 34. b7 Bxh2 35. e7 Re8 36. Nc8 Kf7 37. Rb1 Bb8 38.
Rxb3 Ke6 39. Rd3 $18) 34. e7 $1 ({Black was expecting} 34. Nc6 $6 Rd2 35. b7 $2
(35. Rb1 $1 h3 36. gxh3 Bxb6 37. Rxb3 Bc5 38. Rb8+ Kg7 39. e7 Bxe7 40. Nxe7 Kf6
41. Nc6 Rxh2 42. Rb3 $16 {and White still retains good chances for a win.})
35... Rf2+ 36. Kg1 Re2+ 37. Kf1 $11) 34... Re8 35. Nc8 $1 $18 {An unbelievably
good square for the knight, which not only protects the passed pawns, but also
covers the d6 and a7-squares from where the b-pawn can be stopped.} Rxc8 (35...
Bxb6 36. Nd6 $1 Rxe7 37. Rxe7 b2 38. Re1 $18) 36. e8=Q+ Rxe8 37. Rxe8+ Kf7 38.
b7 {An interesting fighting game despite or thanks to a big number of mistakes.
} 1-0

[Event "FIDE-Wch k.o."]
[Site "Groningen"]
[Date "1997.12.12"]
[Round "2.2"]
[White "Milov, Vadim"]
[Black "Andersson, Ulf"]
[Result "1-0"]
[WhiteElo "2635"]
[BlackElo "2640"]
[Annotator "Milov,V"]
[PlyCount "123"]
[EventDate "1997.12.09"]
[EventType "k.o."]
[EventRounds "7"]
[EventCountry "NED"]
[SourceTitle "CBM 063"]
[Source "ChessBase"]
[SourceDate "1998.03.26"]
[SourceVersion "1"]
[SourceVersionDate "1998.03.26"]
[SourceQuality "1"]

1. d4 e6 2. c4 Bb4+ 3. Bd2 Bxd2+ 4. Qxd2 Nf6 5. Nc3 d6 (5... d5 6. f3 (6. Nf3
$14) 6... Nc6 7. O-O-O O-O 8. cxd5 Nxd5 9. e4 Nxc3 10. Qxc3 Qe7 11. f4 Rd8 12.
Nf3 Nb4 $13 {Milov,V-Andersson,U, Groningen(tie-break),1997}) 6. e4 O-O 7.
O-O-O Nc6 8. d5 (8. f4 $6 e5) 8... Ne7 9. f4 exd5 10. cxd5 c6 11. dxc6 Nxc6 12.
Nf3 Qb6 (12... Qa5 13. Kb1 Be6 14. a3 $14) 13. Kb1 Re8 14. Bd3 Be6 (14... Nb4
$5) 15. f5 Bd7 16. g4 Ne5 $6 (16... Nb4 17. h3 Bc6 18. Rhe1 Nxd3 19. Qxd3 Nd7 (
19... d5 20. exd5 Rxe1 21. Rxe1 Rd8 22. Qe2 Re8 23. Qf1 $16) 20. Qd4 $14) 17.
Nxe5 Rxe5 18. g5 $6 (18. Qf4 Bc6 (18... Rc8 19. g5) 19. g5 Nd7 20. Bc4 $16)
18... Ng4 19. Rdf1 Rc8 20. Rf3 Ree8 (20... Rec5 21. Nd5 Qd8 22. Rg3 Ne5 23. f6
Rxd5 24. exd5 g6 25. Ka1 $16) 21. Rg3 Ne5 (21... Nf2 22. Re1) (21... Qf2 22.
Rd1 Qxd2 23. Rxd2 Ne5 24. Bc2 $16) 22. Nd5 Qd4 23. Nf6+ gxf6 24. gxf6+ Ng6 25.
fxg6 $2 (25. Rf1 Bb5 (25... Rxe4 26. Qh6) 26. fxg6 Bxd3+ 27. Rxd3 Qxe4 28.
gxf7+ (28. g7 Re6 29. a3 Qg6) 28... Kxf7 29. a3 $16) 25... fxg6 $2 (25... hxg6
26. Rf1 (26. Qg2 Qxf6 27. h4 Re5 28. h5 g5 $17) 26... Rxe4 $1 27. Qh6 Qxf6 $3 {
This variation was pointed out by Alon Greenfeld immediately after the game.
Now it's clear why the 25th white's move was a mistake.}) 26. Rf1 Rf8 (26...
Rxe4 27. Qg5) (26... Be6 27. e5 $1) 27. e5 $1 Qxe5 28. Bxg6 $1 Rxf6 (28... hxg6
29. Rxg6+ Kf7 30. Rg7+ $18) 29. Re1 $1 Qxe1+ 30. Qxe1 hxg6 31. a3 Bf5+ 32. Ka1
Re6 33. Qd1 Rc5 34. h4 Bc2 35. Qd2 Be4 36. Qh6 Ree5 37. Rg1 a5 38. Re1 $1 $18
d5 (38... Bf5 39. Rf1 $18) (38... Bd3 39. Rd1 Bc2 40. Rf1 Re8 41. Qd2 $18) 39.
Qf4 (39. Rf1 $142 Rc8 40. Rf6 Re7 (40... Rce8 41. h5 $1 gxh5 42. Rf1 $18) 41.
h5 Rh7 42. Qg5 $18) 39... Rf5 40. Qd6 Rc6 41. Qb8+ (41. Qd8+) 41... Rf8 42.
Qxb7 Rfc8 43. a4 Rc4 44. Qd7 Kh8 45. b3 Rc2 46. Re2 R2c7 47. Qd6 Kh7 48. Kb2
Rb7 49. Re3 (49. Qa6 $5 Rcb8 50. Re3 Bf5 51. Qf6 Be4 52. Rg3 $18) 49... Rc2+
50. Ka3 Rcc7 51. Qd8 Re7 52. h5 $6 (52. Qxa5 d4 53. Rg3 d3 54. h5) 52... gxh5
53. Qxa5 Kg6 54. Qc3 h4 55. a5 Rbc7 56. Qe1 Rh7 57. Rh3 Ra7 58. b4 Kg5 59. b5
Rae7 60. Qg1+ Kf4 61. a6 Bf5 62. Rb3 1-0